Die Helden des MCUs - Statistiken

Allgemein
  • Dieses Quiz wurde 562 mal gespielt
  • Das Durchschnittsergebnis liegt bei 22 aus 38
Antwortstatistiken
Nummer Held % Korrekt
1 Iron man
99%
4 Hulk
98%
3 Thor
98%
2 Captain America
97%
5 Black Widow
94%
12 Spider-Man
94%
6 Hawkeye
89%
13 Doctor Strange
87%
11 Ant-Man
84%
14 Black Panther
84%
18 Groot
82%
15 Star-Lord
80%
16 Gamora
78%
33 Loki
77%
19 Rocket
77%
10 Vision
74%
7 Falcon
73%
17 Drax
71%
9 Scarlet Witch
65%
22 Wasp
63%
8 War Machine
62%
21 Nebula
59%
37 Nick Fury
53%
20 Mantis
50%
27 Quicksilver
45%
30 Bucky Barnes
44%
25 Shuri
41%
31 Wong
40%
24 Okoye
31%
38 Maria Hill
25%
28 Yondu
23%
23 Valkyrie
19%
26 M`Baku
16%
29 Lady-Sif
5%
36 Volstagg
3%
34 Fandral
2%
35 Hogun
2%
32 Karl Mordo
0%
Keine übereinstimmenden Quizze gefunden
Verteilung der Resultate
Anzahl Personen mit jedem Resultat
Perzentil nach korrekt beantworteten Fragen
Ihre Resultats-Entwicklung
Sie haben dieses Quiz noch nicht gespielt